Europe by First and Last Letters Blitz Quiz Stats

Quiz Updated Jun 9, 2017

Challenge
Share
Tweet
Score 0/47 Timer 01:00
7 Plays Today
% Correct
Spain
93.1%
Sweden
91.9%
France
90.5%
Ireland
86.9%
Iceland
86.4%
Italy
86.2%
Germany
83.9%
United Kingdom
82.4%
Portugal
78.9%
Norway
77.3%
Russia
76.3%
Romania
75.6%
 Andorra
72.9%
 Austria
72.9%
 Albania
72.9%
Finland
72%
Poland
65.8%
 Belgium
63.3%
Switzerland
63.3%
Turkey
62.2%
Netherlands
61%
Greece
59.8%
Lithuania
57.9%
Latvia
57.9%
% Correct
Ukraine
55.1%
Denmark
54.6%
Moldova
54.4%
Malta
54.4%
Macedonia
54.4%
Czechia
53.9%
Estonia
52.7%
Slovakia
52.7%
Slovenia
52.7%
Serbia
52.7%
Luxembourg
52.2%
Croatia
49.9%
 Bosnia & Herzegovina
48.3%
 Bulgaria
48.3%
Monaco
46.1%
Montenegro
46%
 Belarus
45.6%
Hungary
37.8%
Liechtenstein
36.5%
Vatican City
34.6%
San Marino
29.2%
 Cyprus
26.1%
Kosovo
25.4%

You're not logged in!

Compare scores with friends on all Sporcle quizzes.
Sign Up with Email
OR
Log In

You Might Also Like...

Show Comments

Extras

Top Quizzes Today


Score Distribution

Your Account Isn't Verified!

In order to create a playlist on Sporcle, you need to verify the email address you used during registration. Go to your Sporcle Settings to finish the process.

Report this User

Report this user for behavior that violates our Community Guidelines.

Details: